مبادئ في الإقتصاد التحليلي : (رقم التسجيلة. 8252)

تفاصيل مارك
000 -LEADER
fixed length control field 00634nam a22002057a 4500
005 - DATE AND TIME OF LATEST TRANSACTION
control field 20251108164259.0
008 - FIXED-LENGTH DATA ELEMENTS--GENERAL INFORMATION
fixed length control field 250721s1980 xx 000 0 ara d
082 14 - DEWEY DECIMAL CLASSIFICATION NUMBER
Classification number 330.1/عدن
100 1# - MAIN ENTRY--PERSONAL NAME
Personal name الهندي، عدنان
245 10 - TITLE STATEMENT
Title مبادئ في الإقتصاد التحليلي :
Remainder of title الجزئي و الكلي /
264 1# - PRODUCTION, PUBLICATION, DISTRIBUTION, MANUFACTURE, AND COPYRIGHT NOTICE
Place of production, publication, distribution, manufacture عمان :
Name of producer, publisher, distributor, manufacturer المطبعة الأردنية،
Date of production, publication, distribution, manufacture, or copyright notice 1980.
300 ## - PHYSICAL DESCRIPTION
Extent 274ص
650 17 - SUBJECT ADDED ENTRY--TOPICAL TERM
Topical term or geographic name as entry element الإقتصاد
650 17 - SUBJECT ADDED ENTRY--TOPICAL TERM
Topical term or geographic name as entry element الفلسفة
650 17 - SUBJECT ADDED ENTRY--TOPICAL TERM
Topical term or geographic name as entry element النظريات
650 17 - SUBJECT ADDED ENTRY--TOPICAL TERM
Topical term or geographic name as entry element الإقتصاد التحليلي
700 1# - ADDED ENTRY--PERSONAL NAME
Personal name الحوراني، أحمد
942 ## - ADDED ENTRY ELEMENTS (KOHA)
Source of classification or shelving scheme Dewey Decimal Classification
Koha item type كتب
المقتنيات
حالة السحب حالة الفقدان مصدر التصنيف حالة التلف غير قابل للإعارة المكتبة الرئيسية المكتبة الحالية موقع الرف تاريخ التزويد الرقم المتسلسل Total Checkouts رقم الإستدعاء الباركود تاريخ آخر ظهور تاريخ الفاتورة نوع المادة (كوها)
    Dewey Decimal Classification     المكتبة المركزية المكتبة المركزية الإعارة 31/08/2021 1745687   330.1/عدن PLD00491700 28/07/2025 31/08/2021 كتب
Implemented & Customized by: BBB with SCIT (Smart Chains for Information Technology)

Powered by Koha